000 00981nam a2200265 i 4500
003 DO-SdBNP
005 20250425101727.0
007 ta
008 250425b2014 cu ||||| |||| 00| 0 spa d
020 _a97895922138338
040 _aDO-SdBNP
_bspa
_cBNPHU
_erda
082 4 _222
_axxx
_bxxx
100 _4aut.
_aPeña Obregón, Ángela,
_eautor
_974079
245 1 3 _aEl sitio de Holguín :
_cÁmgela Peña Obregón, José Abreu Cardet ; edición, Dunia Verdecia Carmenate ; corrección, Mayra Guerra Chacón
_bla pasión de un integrista /
264 4 _aLa Habana, Cuba :
_bEdiciones Holguín,
_c©2014.
300 _a172 páginas ;
_c21 cm.
336 _atexto
_btxt
_2rdacontent
337 _asin mediación
_bn
_2rdamedia
338 _avolumen
_bnc
_2rdacarrier
500 _aIncluye referencias bibliográficas y notas al pie de las páginas
590 _aInventariado, 2025/BT
700 1 _4aut.
_aAbreu Cardet, José,
_eautor
_962665
910 _aBtavárez
942 _2ddc
_cLBS1
999 _c58794
_d58794